[Event "PEP 2017"]
[Site "masterchessopen.com Belgrade SRB"]
[Date "2017.03.04"]
[Round "5"]
[White "Djordjevic,Vu"]
[Black "Damljanovic,B"]
[Result "0-1"]
[WhiteElo "2421"]
[BlackElo "2548"]

1.e4 c5 2.Nc3 Nc6 3.g3 g6 4.Bg2 Bg7 5.d3 Rb8 6.Be3 d6 7.Qd2 b5 8.Nge2 b4 9.Nd1
h5 10.h3 Nf6 11.f4 Nd7 12.O-O Nb6 13.Kh2 Bd7 14.Rb1 Qc8 15.b3 Nd4 16.c3 bxc3
17.Ndxc3 f5 18.Rfc1 Nxe2 19.Nxe2 h4 20.gxh4 fxe4 21.dxe4 Rxh4 22.Ng1 Rh5
23.Qf2 Kf7 24.Qg3 Qh8 25.Nf3 Bf6 26.Bf2 Rg8 27.e5 g5 28.exf6 gxf4 29.Qxg8+
Qxg8 30.fxe7 Kxe7 31.Re1+ Kd8 32.Rbd1 Nd5 33.Ng1 Ne3 34.Rxe3 fxe3 35.Bxe3 Qf8
36.Bd2 Kc8 37.Be1 Rg5 38.Bg3 Qg7 39.Rd3 Bf5 40.Re3 Qd4 41.Re2 Rxg3 {#R} 0-1

[Event "PEP 2017"]
[Site "masterchessopen.com Belgrade SRB"]
[Date "2017.03.04"]
[Round "5"]
[White "Tuna,Alp"]
[Black "Nenezic,M"]
[Result "0-1"]
[WhiteElo "2285"]
[BlackElo "2494"]

1.e4 g6 2.d4 Bg7 3.Nc3 a6 4.h4 d5 5.Be3 Nf6 6.e5 Ng4 7.h5 c5 8.h6 Bf8 9.Bf4
Nc6 10.dxc5 d4 11.Na4 Qa5+ 12.c3 dxc3 13.bxc3 Be6 14.Bd2 Rd8 15.Nh3 Bxh6 16.f4
Ne3 17.c4 Nb4 18.a3 Nbc2+ 19.Ke2 Bg4+ {#R} 0-1

[Event "PEP 2017"]
[Site "masterchessopen.com Belgrade SRB"]
[Date "2017.03.04"]
[Round "5"]
[White "Bogosavljevic,B"]
[Black "Radovanovic,Mihajlo"]
[Result "1-0"]
[WhiteElo "2525"]
[BlackElo "2376"]

1.d4 Nf6 2.Nf3 e6 3.Bf4 d5 4.e3 c5 5.c3 Nc6 6.Nbd2 Bd6 7.Bg3 O-O 8.Bd3 b6
9.Qe2 Bb7 10.Rd1 Ne7 11.dxc5 Bxc5 12.e4 Ng6 13.Nh4 Nxe4 14.Nxg6 Nxg3 15.hxg3
hxg6 16.Qg4 Qf6 17.Nf3 Rfd8 18.Rd2 Kf8 19.Ng5 Ke7 20.Nh7 Qe5+ 21.Re2 Qc7
22.Ng5 Qd7 23.Nxf7 Kxf7 24.Qg5 Rg8 25.Bxg6+ Kf8 26.Rh4 Bd6 27.Re3 d4 28.Rxd4
Rh8 29.Red3 Rh1+ 30.Ke2 Qe7 31.Qg4 Ba6 32.Qf3+ {#r} 1-0

[Event "ch-URU Semi-Final 2017"]
[Site "masterchessopen.com Montevideo URU"]
[Date "2017.02.28"]
[Round "8.5"]
[White "Michailov,M"]
[Black "Genta,A"]
[Result "1-0"]
[WhiteElo "2204"]
[BlackElo "2054"]

1.e4 c5 2.Nf3 e6 3.d4 cxd4 4.Nxd4 a6 5.Bd3 Qc7 6.O-O Bc5 7.Nb3 Be7 8.f4 d6
9.Be3 Nf6 10.c4 Nbd7 11.Nc3 b6 12.Rc1 Nc5 13.Bb1 Bb7 14.Nd2 Rc8 15.b4 Ncd7
16.Nb3 Qb8 17.Qe2 O-O 18.a4 a5 19.bxa5 bxa5 20.Nd4 Nc5 21.Bd2 Qa8 22.Rce1 Nfd7
23.e5 g6 24.Ndb5 d5 25.f5 Ne4 26.cxd5 Bc5+ 27.Kh1 exd5 28.Nxe4 dxe4 29.e6 fxe6
30.fxg6 hxg6 31.Qg4 Ne5 32.Qxe6+ {#r} 1-0

[Event "ch-URU Semi-Final 2017"]
[Site "masterchessopen.com Montevideo URU"]
[Date "2017.02.28"]
[Round "8.8"]
[White "Saralegui,M"]
[Black "Granara Barreto,S"]
[Result "1-0"]
[WhiteElo "2108"]
[BlackElo "2164"]

1.d4 g6 2.c4 Bg7 3.Nc3 d6 4.e4 Nc6 5.Be3 e5 6.d5 Nd4 7.Nge2 Nxe2 8.Bxe2 Ne7
9.Qd2 h6 10.c5 f5 11.f3 a6 12.cxd6 Qxd6 13.O-O f4 14.Bf2 Bd7 15.Rac1 O-O 16.b4
b6 17.Nb1 Rfc8 18.Na3 a5 19.Rb1 Qf6 20.Nc4 axb4 21.Rxb4 b5 22.Nb2 Rxa2 23.Bxb5
Bxb5 24.Rxb5 c6 25.Rb6 Qd6 26.Qd3 Ra3 27.Qd1 Rc3 28.Qd2 Rc5 29.Qb4 Nxd5
30.Qxc5 Qxc5 31.Bxc5 Nxb6 32.Bxb6 Rb8 33.Nc4 Bf8 34.Bc7 {#r} 1-0

[Event "ch-URU Semi-Final 2017"]
[Site "masterchessopen.com Montevideo URU"]
[Date "2017.02.28"]
[Round "8.9"]
[White "Izquierdo,D"]
[Black "Arcos Facio,M"]
[Result "1-0"]
[WhiteElo "2083"]
[BlackElo "2161"]

1.Nf3 Nf6 2.d4 g6 3.c4 Bg7 4.Nc3 O-O 5.g3 d6 6.Bg2 Nbd7 7.O-O e5 8.Qc2 c6 9.e4
exd4 10.Nxd4 Qb6 11.Nde2 Ne5 12.b3 Nfg4 13.h3 f5 14.hxg4 fxg4 15.Be3 Qa5
16.Rfc1 Nf3+ 17.Bxf3 gxf3 18.Nf4 Rxf4 19.Bxf4 Qh5 20.Nd1 Bd4 21.Ne3 Bd7 22.Qd1
c5 23.Ng2 Bg4 24.Ne1 Bxf2+ 25.Kxf2 Qh2+ 26.Ke3 Qg1+ 27.Kd2 Qd4+ 28.Nd3 Re8
29.Be3 Qxe4 30.Qe1 Bf5 31.Rc3 b5 32.Nf2 Qe5 33.cxb5 Qxg3 34.Nd3 Qg4 35.Qg1 Qe4
36.Re1 Qb7 37.Bh6 Qxb5 38.Rxe8+ Qxe8 39.Qe3 Qxe3+ 40.Kxe3 d5 41.Rxc5 {#r} 1-0

[Event "ch-URU Semi-Final 2017"]
[Site "masterchessopen.com Montevideo URU"]
[Date "2017.02.28"]
[Round "8.10"]
[White "Izquierdo,S"]
[Black "Ibanez,Ro"]
[Result "1-0"]
[WhiteElo "2009"]
[BlackElo "2157"]

1.d4 Nf6 2.Nf3 e6 3.g3 c5 4.Bg2 Nc6 5.O-O d5 6.c4 dxc4 7.Qa4 Bd7 8.Qxc4 cxd4
9.Nxd4 Rc8 10.Nxc6 Bxc6 11.Bxc6+ Rxc6 12.Qb5 Qc8 13.Be3 a6 14.Qa4 b5 15.Qb3 h5
16.h3 e5 17.Kh2 h4 18.g4 e4 19.Rg1 Bd6+ 20.Kh1 Bb8 21.Nd2 Qc7 22.Nf1 Rc4 23.a4
b4 24.Bf4 Qxf4 25.Qxc4 O-O 26.Rg2 a5 27.Rd1 Qe5 28.b3 Nh7 29.Qd5 Qb2 30.Rd2
Qc3 31.e3 Nf6 32.Qc4 Rc8 33.Qa6 Qc7 34.Rd4 Nd7 35.Rc4 Nc5 36.Qb5 Ba7 37.Nd2
Rb8 38.Rxc5 Bxc5 39.Qc4 Qd6 40.Nxe4 Qd1+ 41.Kh2 Bf8 42.Ng5 Rb7 43.f4 Qd7 {#r}
1-0

[Event "ch-URU Semi-Final 2017"]
[Site "masterchessopen.com Montevideo URU"]
[Date "2017.02.28"]
[Round "8.11"]
[White "Ibanez,Marcelo"]
[Black "Muniz,R"]
[Result "0-1"]
[WhiteElo "1959"]
[BlackElo "2292"]

1.d4 Nf6 2.Bf4 c5 3.e3 Qb6 4.b3 e6 5.Nf3 Nd5 6.c3 Nxf4 7.exf4 Nc6 8.d5 exd5
9.Qxd5 Be7 10.Nbd2 O-O 11.Bd3 Qc7 12.Qh5 g6 13.Qh6 d5 14.h4 Re8 15.Kf1 Bf8
16.Qg5 Qe7 17.Qg3 Qf6 18.Rc1 Bd6 19.Qg5 Qxg5 20.fxg5 Bd7 21.g3 Ne5 22.Be2 a5
23.a4 Nc6 24.Bd3 Bf8 25.Kg2 Bg7 26.Rhd1 Bg4 27.Bb5 Re7 28.Re1 Rxe1 29.Nxe1 Na7
30.Bd3 Rd8 31.Nf1 Bd7 32.f3 Bc6 33.c4 b6 34.Nc2 Nc8 35.Nce3 dxc4 36.Bxc4 Bd4
37.Ng4 Nd6 38.Bd3 Bd5 39.Nd2 Kg7 40.Nc4 Nxc4 41.Bxc4 Bb2 42.Rc2 Bxc4 43.Rxb2
Be6 44.Nf2 Rd4 45.Ne4 h6 46.Kf2 Rb4 47.gxh6+ Kxh6 48.Nd2 c4 {#R} 0-1

[Event "ch-URU Semi-Final 2017"]
[Site "masterchessopen.com Montevideo URU"]
[Date "2017.02.28"]
[Round "8.12"]
[White "Sosa Macho,J"]
[Black "Montoli,Sebastian"]
[Result "1-0"]
[WhiteElo "2115"]
[BlackElo "1833"]

1.d4 d5 2.Nf3 Nf6 3.c4 e6 4.Nc3 c6 5.Bg5 Nbd7 6.e3 Qa5 7.Qd2 Bb4 8.Rc1 Ne4
9.Qc2 Bxc3+ 10.bxc3 Nxg5 11.Nxg5 dxc4 12.Nf3 b5 13.e4 Qd8 14.Be2 Qf6 15.e5 Qg6
16.Qb2 O-O 17.h4 Nb6 18.h5 Qe4 19.Rh4 Qd5 20.Qd2 f5 21.exf6 Rxf6 22.Ne5 Qxg2
23.Ng4 Qg1+ 24.Bf1 Rf7 25.Qg5 {#r} 1-0

[Event "ch-URU Semi-Final 2017"]
[Site "masterchessopen.com Montevideo URU"]
[Date "2017.02.28"]
[Round "8.16"]
[White "Rodriguez Farias,Eduardo"]
[Black "Fernandez Rodriguez,Antonio"]
[Result "0-1"]
[WhiteElo "1897"]
[BlackElo "1832"]

1.e4 e6 2.d4 d5 3.e5 c5 4.c3 Qb6 5.Nf3 Nc6 6.Bd3 Bd7 7.O-O cxd4 8.cxd4 Nxd4
9.Nbd2 Nxf3+ 10.Nxf3 Bc5 11.b4 Bd4 12.Nxd4 Qxd4 13.Be3 Qxe5 14.Re1 d4 15.Bd2
Qf6 16.Rc1 Ne7 17.Rc5 h6 18.Qh5 g6 19.Qh3 Rc8 20.Rce5 a6 21.a3 Rc6 22.Qg3 Kf8
23.a4 Nf5 24.Qf4 Qg5 25.b5 Qxf4 26.Bxf4 Rb6 27.Rxf5 exf5 28.Bc7 Re6 29.Rc1 Ke7
30.Kf1 Rc8 31.Rc2 axb5 32.axb5 Ra8 33.g3 Ra3 34.Rd2 Rc3 35.Ba5 Rxd3 {#R} 0-1

[Event "ch-URU Semi-Final 2017"]
[Site "masterchessopen.com Montevideo URU"]
[Date "2017.02.28"]
[Round "8.17"]
[White "Garcia,Axel"]
[Black "Salguero,Rafael"]
[Result "0-1"]
[WhiteElo "1824"]
[BlackElo "1895"]

1.Nf3 e6 2.d4 d5 3.c4 Nf6 4.Nc3 Be7 5.Bf4 O-O 6.e3 c6 7.h3 Nbd7 8.c5 Nh5 9.Bh2
f5 10.Ne5 Nhf6 11.Be2 Ne4 12.O-O Bf6 13.Nxd7 Bxd7 14.f3 Ng5 15.b4 b5 16.a4 a6
17.Qb3 Kh8 18.Rfd1 Rg8 19.Rd2 Nf7 20.e4 fxe4 21.fxe4 Bg5 22.Rd3 Rf8 23.Rf3 Nh6
24.Raf1 Rxf3 25.Rxf3 Qe8 26.Bd3 Ra7 27.Qc2 Bc8 28.e5 Rf7 29.Qf2 Rxf3 30.gxf3
Qh5 31.f4 Bh4 32.Bg3 Bxg3 33.Qxg3 bxa4 34.Be2 Nf5 35.Bxh5 Nxg3 36.Bd1 a3
37.Bb3 Nf5 38.Ne2 Ne3 39.Kf2 Nc2 40.Nc1 Nxd4 41.Ke3 Nb5 42.Kd3 Bd7 43.Ba4 g6
44.Bxb5 axb5 45.Kc3 Kg7 46.Kb3 Kh6 47.Kxa3 Kh5 48.Kb3 Kh4 49.Kc3 Kxh3 50.Kd3
Kg4 51.Ne2 Kf3 {#R} 0-1

[Event "ch-URU Semi-Final 2017"]
[Site "masterchessopen.com Montevideo URU"]
[Date "2017.02.28"]
[Round "8.18"]
[White "Figueroa,Alfonso"]
[Black "Gomez Troccoli,Martin"]
[Result "0-1"]
[WhiteElo "1801"]
[BlackElo "1863"]

1.d4 e6 2.c4 c5 3.d5 exd5 4.cxd5 d6 5.e4 Nf6 6.Nc3 g6 7.Bd3 Bg7 8.Nge2 O-O
9.O-O Na6 10.a3 Nc7 11.f3 Rb8 12.b4 b5 13.bxc5 dxc5 14.Rb1 b4 15.axb4 cxb4
16.Na4 a5 17.Be3 Nd7 18.Nd4 Bb7 19.Qe2 Ne5 20.Rfc1 Nxd3 21.Qxd3 Ba6 22.Qb3 Bb5
23.Nc6 Bxc6 24.Rxc6 Nb5 25.Rd1 Re8 26.Rb6 Rxb6 27.Bxb6 Qb8 28.Bxa5 Qa7+ 29.Bb6
Bd4+ 30.Bxd4 Nxd4 31.Qb2 Nxf3+ 32.Kh1 Qxa4 33.Ra1 Rxe4 34.gxf3 Re2 35.Qf6 Qd7
36.Ra8+ Re8 37.Rxe8+ Qxe8 38.Qc6 Qe2 39.d6 Qf1# 0-1

[Event "ch-URU Semi-Final 2017"]
[Site "masterchessopen.com Montevideo URU"]
[Date "2017.02.28"]
[Round "8.19"]
[White "Rodriguez Farias,Victor"]
[Black "Dotta,Gian Franco"]
[Result "0-1"]
[WhiteElo "1859"]
[BlackElo "1749"]

1.e4 e6 2.d3 d5 3.Nd2 c5 4.g3 Nc6 5.Bg2 Nf6 6.Ngf3 Be7 7.O-O O-O 8.Re1 Qc7
9.e5 Nd7 10.Qe2 f6 11.exf6 Nxf6 12.c3 Bd7 13.d4 cxd4 14.cxd4 Nb4 15.Nb3 Ne4
16.Be3 Qb6 17.Ne5 Bb5 18.Qd1 Rac8 19.a4 Be8 20.a5 Qd8 21.f3 Nd6 22.Nc5 Bf7
23.Bh3 Nf5 24.Ra4 Nxe3 25.Rxe3 Rxc5 26.Rxb4 Qc7 27.Reb3 Rc1 {#R} 0-1

[Event "ch-URU Semi-Final 2017"]
[Site "masterchessopen.com Montevideo URU"]
[Date "2017.02.28"]
[Round "8.20"]
[White "Alvarez,Miguel"]
[Black "Lanzilotta,M"]
[Result "0-1"]
[WhiteElo "1867"]
[BlackElo "2029"]

1.e4 c6 2.f4 d5 3.e5 Bf5 4.d4 e6 5.Nf3 c5 6.c3 Nc6 7.Bb5 Qb6 8.Bxc6+ bxc6
9.O-O Be7 10.Nbd2 h5 11.b3 Nh6 12.h3 Rb8 13.Bb2 a5 14.dxc5 Bxc5+ 15.Nd4 Bg6
16.Nf3 Nf5 17.Qe1 a4 18.b4 Nxd4 19.Nxd4 Bxd4+ 20.cxd4 Qxb4 21.Bc3 Qa3 22.Qd2
Be4 23.Kh2 h4 24.Rac1 Rh6 25.Qe2 Rg6 26.g4 hxg3+ 27.Kg1 Rh6 28.Qg4 Qxa2 {#R}
0-1

[Event "ch-URU Semi-Final 2017"]
[Site "masterchessopen.com Montevideo URU"]
[Date "2017.02.28"]
[Round "8.21"]
[White "Ferreyra,Dardo"]
[Black "Pinero,Ismael"]
[Result "0-1"]
[WhiteElo "1847"]
[BlackElo "1961"]

1.d4 Nf6 2.c4 g6 3.Nc3 Bg7 4.e4 d6 5.f4 O-O 6.Nf3 Na6 7.Be2 e5 8.fxe5 dxe5
9.Nxe5 c5 10.Be3 cxd4 11.Qxd4 Qa5 12.Nf3 Rd8 13.Qe5 Nd5 14.Bd2 Bxe5 15.Nxd5
Rxd5 16.cxd5 Qc7 17.Rc1 Qe7 18.Rc2 Nb4 19.Rc4 a5 20.a3 b5 21.Bxb4 axb4 22.Rxb4
Ra4 23.Rxb5 Rxe4 24.Kf2 Qa7+ 25.Kf1 Ba6 26.a4 Bxb5 27.Bxb5 Qe3 {#R} 0-1

[Event "ch-URU Semi-Final 2017"]
[Site "masterchessopen.com Montevideo URU"]
[Date "2017.02.28"]
[Round "8.24"]
[White "Dominguez,Facundo"]
[Black "Vazquez,Facundo"]
[Result "1-0"]
[WhiteElo "2086"]
[BlackElo "1614"]

1.e4 e6 2.d4 d5 3.Nd2 Nf6 4.e5 Nfd7 5.Bd3 c5 6.c3 Nc6 7.Ne2 cxd4 8.cxd4 Nb6
9.O-O Bd7 10.f4 g6 11.a3 a5 12.b3 Rc8 13.Bb2 a4 14.b4 Na7 15.Nc3 Be7 16.Qe2 h5
17.g3 Kf8 18.h3 Kg7 19.Kg2 Nc4 20.Nxc4 dxc4 21.Be4 Bc6 22.Rad1 Nb5 23.Nxb5
Bxb5 24.d5 Qd7 25.Bc3 Ba6 26.dxe6 Qxe6 27.f5 gxf5 28.Bxf5 Qc6+ 29.Be4 Qh6
30.Rd7 Rce8 31.e6+ {#r} 1-0

[Event "ch-URU Semi-Final 2017"]
[Site "masterchessopen.com Montevideo URU"]
[Date "2017.02.28"]
[Round "8.26"]
[White "Marrero,Javier"]
[Black "Campora,Edgardo"]
[Result "1-0"]
[WhiteElo "1838"]
[BlackElo "1725"]

1.d4 Nf6 2.c4 g6 3.Nc3 Bg7 4.e4 d6 5.h3 O-O 6.Nf3 e5 7.d5 a5 8.Be3 Na6 9.g4
Nc5 10.Nd2 Bd7 11.Be2 c6 12.g5 Ne8 13.h4 f6 14.h5 fxg5 15.hxg6 hxg6 16.Qc2 a4
17.O-O-O a3 18.b3 Na6 19.Rdg1 Nb4 20.Qb1 cxd5 21.Nxd5 Nxd5 22.cxd5 Rc8+ 23.Kd1
Nc7 24.Rxg5 Rxf2 25.Rxg6 Rf6 26.Bg5 Qe8 {#r} 1-0

[Event "ch-URU Semi-Final 2017"]
[Site "masterchessopen.com Montevideo URU"]
[Date "2017.02.28"]
[Round "8.29"]
[White "Busca,Joaquin"]
[Black "Anza,Vicenzo"]
[Result "1-0"]
[WhiteElo "1807"]
[BlackElo "1485"]

1.c4 f5 2.Nc3 Nf6 3.g3 e5 4.d3 Nc6 5.Bg2 Bc5 6.a3 a6 7.Nf3 O-O 8.O-O d6 9.b4
Ba7 10.Qb3 f4 11.b5 Nd4 12.Nxd4 Bxd4 13.e3 Bxc3 14.Qxc3 Nh5 15.Rb1 f3 16.Bh1
Bh3 17.Re1 Qf6 18.bxa6 bxa6 19.c5 Bg2 20.Qc4+ Kh8 21.cxd6 cxd6 22.Qg4 g6
23.Rb7 Rac8 24.e4 d5 25.Qd7 Ng7 26.Bh6 Rg8 27.Bxg2 fxg2 28.Bxg7+ Qxg7 29.Qxg7+
Rxg7 30.Rxg7 Kxg7 31.exd5 Kf6 32.Kxg2 Rd8 33.Rb1 Ke7 34.Rb7+ Rd7 35.Rxd7+ Kxd7
36.Kf3 Kd6 37.Ke4 g5 38.g4 h6 39.h3 {#r} 1-0

[Event "17th Liberec Open 2017"]
[Site "masterchessopen.com Liberec CZE"]
[Date "2017.02.28"]
[Round "5"]
[White "Sabuk,P"]
[Black "Velieva,H"]
[Result "1-0"]
[WhiteElo "2365"]
[BlackElo "1973"]

1.d4 Nf6 2.c4 g6 3.Nc3 Bg7 4.e4 d6 5.Nf3 O-O 6.h3 e5 7.d5 Nbd7 8.Bg5 h6 9.Be3
a5 10.g4 Nc5 11.Nd2 Ne8 12.h4 Bd7 13.h5 g5 14.b3 c6 15.a3 cxd5 16.cxd5 Qc8
17.f3 Nd3+ 18.Bxd3 Qxc3 19.Ke2 Nf6 20.Qc1 Rfc8 21.Bc4 Qxc1 22.Rhxc1 Bf8 23.a4
Be7 24.Bb5 Rxc1 25.Rxc1 Bxb5+ 26.axb5 Ne8 27.Nc4 Nc7 28.Nb6 {#r} 1-0

[Event "17th Liberec Open 2017"]
[Site "masterchessopen.com Liberec CZE"]
[Date "2017.02.28"]
[Round "5"]
[White "Owezdurdiyeva,J"]
[Black "Buchcar,T"]
[Result "0-1"]
[WhiteElo "2080"]
[BlackElo "2153"]

1.d4 Nf6 2.c4 c5 3.d5 e5 4.Nc3 d6 5.e4 Be7 6.Bd3 Nbd7 7.h3 Nf8 8.g4 h6 9.Nge2
Ng6 10.Be3 Nh4 11.Kd2 Nf3+ 12.Kc1 Nh7 13.Ng3 Nd4 14.Nf5 Bxf5 15.exf5 a6 16.f4
Qd7 17.Re1 Bh4 18.Rg1 O-O-O 19.f6 g6 20.Na4 Qc7 21.g5 hxg5 22.fxg5 Nf8 23.Qg4+
Kb8 24.Nc3 Nd7 25.b3 Rh7 26.Kb2 Nxf6 27.gxf6 Bxf6 28.Raf1 Bh8 29.Bg5 e4
30.Bxd8 Qxd8 31.Bxe4 Rh4 32.Qg5 Qxg5 33.Rxg5 Ne2 34.Rxf7 Bxc3+ 35.Kc2 Bb4
36.Bg2 Rd4 37.Rf3 Rd2+ 38.Kb1 Ba3 39.b4 cxb4 40.Rb3 Nc3+ 41.Rxc3 bxc3 42.Be4
Rb2+ 43.Ka1 Re2 44.Bb1 Bb2# 0-1

[Event "17th Liberec Open 2017"]
[Site "masterchessopen.com Liberec CZE"]
[Date "2017.02.28"]
[Round "5"]
[White "Vavrinec,T"]
[Black "Pisk,P"]
[Result "0-1"]
[WhiteElo "1965"]
[BlackElo "2355"]

1.c4 c5 2.Nc3 Nc6 3.Nf3 e5 4.g3 g6 5.Bg2 Bg7 6.O-O Nge7 7.d3 O-O 8.Bg5 f6
9.Bd2 d6 10.a3 Be6 11.Rb1 a5 12.Ne1 d5 13.cxd5 Nxd5 14.Nc2 a4 15.Nxd5 Bxd5
16.Bxd5+ Qxd5 17.Ne3 Qf7 18.Nc4 Nd4 19.Nb6 Ra6 20.Nxa4 Nxe2+ 21.Qxe2 Rxa4
22.Rfc1 b6 23.Rc4 Raa8 24.b4 Rxa3 25.bxc5 bxc5 26.Rxc5 Rd8 27.Ba5 Ra8 28.Rc7
Qd5 29.Rbb7 Bf8 30.Be1 Ra1 31.f3 R8a2 32.Qe3 Qd4 {#R} 0-1

[Event "17th Liberec Open 2017"]
[Site "masterchessopen.com Liberec CZE"]
[Date "2017.02.28"]
[Round "5"]
[White "Racnik,Tone"]
[Black "Grigoryan,K1"]
[Result "0-1"]
[WhiteElo "2058"]
[BlackElo "2316"]

1.e4 c5 2.c4 Nc6 3.g3 g6 4.Bg2 Bg7 5.Nc3 e6 6.Nge2 Nge7 7.d3 d6 8.O-O O-O
9.Bf4 h6 10.Qd2 Kh7 11.Rab1 b6 12.b3 Bb7 13.Be3 Nd4 14.f4 Qd7 15.Bxd4 cxd4
16.Nd1 f5 17.Nf2 Rae8 18.b4 e5 19.c5 bxc5 20.bxc5 dxc5 21.exf5 Bxg2 22.fxg6+
Nxg6 23.Kxg2 exf4 24.Nxf4 Nxf4+ 25.gxf4 Qd5+ 26.Kg1 Rg8 27.Ne4 Rxe4 28.dxe4
Bf6+ 29.Kf2 Qxe4 {#R} 0-1

[Event "17th Liberec Open 2017"]
[Site "masterchessopen.com Liberec CZE"]
[Date "2017.02.28"]
[Round "5"]
[White "Halak,M"]
[Black "Baum,Jonasz"]
[Result "0-1"]
[WhiteElo "2186"]
[BlackElo "2076"]

1.d4 Nf6 2.Bf4 d5 3.e3 e6 4.Nd2 Bd6 5.Bg3 O-O 6.Ngf3 c5 7.c3 Nc6 8.Bd3 Qe7
9.Ne5 Nd7 10.Ndf3 g6 11.h4 cxd4 12.exd4 f6 13.Nxd7 Bxd7 14.Bxd6 Qxd6 15.h5 e5
16.dxe5 fxe5 17.Be4 Ne7 18.hxg6 hxg6 19.Qd2 Rf4 20.Bc2 Raf8 21.O-O-O e4 22.Ng5
Rxf2 23.Nxe4 Rxd2 24.Nxd6 Rxg2 25.Rhe1 Rff2 26.Bb3 Kf8 27.Ne4 Re2 28.Rxe2 Rxe2
29.Nf6 Bf5 30.Nxd5 Nxd5 31.Rxd5 Ke7 32.Ra5 a6 33.Rc5 Kf6 34.Rc7 Be4 35.Rf7+
Ke5 36.Bd1 Rg2 37.Rd7 g5 38.a4 g4 39.b4 g3 40.Rg7 Rg1 41.Kd2 g2 42.Re7+ Kf5
43.Bg4+ Kf4 44.Rg7 Rh1 {#R} 0-1

[Event "17th Liberec Open 2017"]
[Site "masterchessopen.com Liberec CZE"]
[Date "2017.02.28"]
[Round "5"]
[White "Steiner,B"]
[Black "Yalkanova,Merjen"]
[Result "1-0"]
[WhiteElo "2154"]
[BlackElo "1898"]

1.d4 d5 2.c4 e6 3.Nc3 Nf6 4.cxd5 exd5 5.Bg5 Be7 6.e3 O-O 7.Bd3 Nbd7 8.Nge2 c6
9.Qc2 Kh8 10.O-O Ng4 11.Bf4 g5 12.Bg3 h5 13.h3 h4 14.hxg4 hxg3 15.Nxg3 Nf6
16.f3 Bd6 17.Nce2 Qe7 18.Kf2 Bxg4 19.Rh1+ Kg7 20.Bf5 Rae8 21.Qd3 Ne4+ 22.fxe4
dxe4 23.Qc2 Qf6 24.Kg1 Bxe2 25.Qxe2 Bxg3 26.Rh7+ Kg8 27.Rf1 Bf4 28.Rxf4 c5
29.Qg4 Rb8 30.Rh5 Rfd8 31.Bh7+ {#r} 1-0

[Event "17th Liberec Open 2017"]
[Site "masterchessopen.com Liberec CZE"]
[Date "2017.02.28"]
[Round "5"]
[White "Carlsson,Ludvig"]
[Black "Radzicki,W"]
[Result "1-0"]
[WhiteElo "2093"]
[BlackElo "1703"]

1.e4 e5 2.f4 Nf6 3.Nc3 d6 4.Nf3 Nbd7 5.Bc4 Be7 6.Bxf7+ Kxf7 7.Ng5+ Kg8 8.Ne6
Qe8 9.Nxc7 Qg6 10.Nxa8 Qxg2 11.Rf1 Ng4 12.Qf3 Bh4+ 13.Kd1 Qxf3+ 14.Rxf3 Ndf6
15.f5 Nf2+ 16.Ke2 N2xe4 17.Nxe4 Nxe4 18.d3 Nf6 19.Be3 Nd5 20.Rg1 Kf7 21.Bxa7
Nf4+ 22.Kd2 Bxf5 23.Nb6 g5 24.Nc4 Ke7 25.Be3 g4 26.Rff1 Bg5 27.a4 h5 28.a5 Ke6
29.Re1 d5 30.Nxe5 Kxe5 31.Bxf4+ Kf6 32.Bxg5+ Kxg5 33.Re5 Kg6 34.Rxd5 Rh7 35.b4
h4 36.Rd8 Rf7 37.Rg8+ Kh5 38.Re1 h3 39.c4 Kh4 40.b5 Rf6 41.Rf1 Rd6 42.Rxf5
{#r} 1-0

[Event "17th Liberec Open 2017"]
[Site "masterchessopen.com Liberec CZE"]
[Date "2017.02.28"]
[Round "5"]
[White "Steincamp,Isaac K"]
[Black "Dzikowski,M"]
[Result "0-1"]
[WhiteElo "1882"]
[BlackElo "2086"]

1.d4 Nf6 2.Bf4 e6 3.e3 d5 4.Nd2 c5 5.c3 Nc6 6.Ngf3 Bd6 7.Bg3 O-O 8.Bd3 Re8
9.Ne5 Bxe5 10.dxe5 Nd7 11.f4 c4 12.Bc2 Qb6 13.O-O Qxb2 14.Rf3 Nf8 15.Be1 Ne7
16.g4 Qa3 17.Rh3 Neg6 18.Nf3 Qc5 19.Bf2 b5 20.Ng5 a5 21.e4 Qc6 22.Qf3 h6
23.exd5 exd5 24.Ne4 dxe4 25.Bxe4 Bxg4 26.Bxc6 Bxf3 27.Bxe8 Bg4 28.Rg3 Rxe8
29.Rxg4 h5 30.Rg5 Nxf4 31.Kf1 N8e6 32.Rg3 Rd8 33.Bb6 Rd2 34.Bxa5 Rxh2 35.a4 h4
36.Rg1 bxa4 37.Rxa4 h3 38.Rxc4 Nd3 39.Rg3 Nef4 40.e6 Rf2+ {#R} 0-1

[Event "17th Liberec Open 2017"]
[Site "masterchessopen.com Liberec CZE"]
[Date "2017.02.28"]
[Round "5"]
[White "Teglas,B"]
[Black "Duda,A"]
[Result "1-0"]
[WhiteElo "2253"]
[BlackElo "2079"]

1.Nf3 Nf6 2.c4 e6 3.g3 d5 4.Bg2 Be7 5.O-O O-O 6.b3 d4 7.Bb2 c5 8.b4 Nc6 9.b5
Na5 10.d3 Bd6 11.e3 e5 12.Ng5 Ng4 13.Ne4 dxe3 14.f3 Nf2 15.Nxf2 exf2+ 16.Rxf2
Bc7 17.Nc3 Be6 18.Qf1 a6 19.b6 Bxb6 20.f4 exf4 21.gxf4 Qh4 22.f5 Bc7 23.Bh3
Bxc4 24.dxc4 Nxc4 25.Nd5 Rad8 26.Nxc7 Ne3 27.Rg2 Rd4 28.Qf3 Rfd8 29.Rxg7+ Kf8
30.Qxe3 Rd3 31.Qxc5+ {#r} 1-0

[Event "17th Liberec Open 2017"]
[Site "masterchessopen.com Liberec CZE"]
[Date "2017.02.28"]
[Round "5"]
[White "Yalkanova,Maya"]
[Black "Liska,Ji2"]
[Result "0-1"]
[WhiteElo "1839"]
[BlackElo "2197"]

1.d4 Nf6 2.Nf3 g6 3.c4 Bg7 4.Nc3 d5 5.e3 O-O 6.b3 c5 7.Bb2 cxd4 8.Nxd4 Nc6
9.Nxc6 bxc6 10.Bd3 e5 11.O-O Be6 12.cxd5 cxd5 13.Ba3 Re8 14.Bb5 Bd7 15.Bxd7
Qxd7 16.Rc1 d4 17.exd4 exd4 18.Na4 Nd5 19.Qd2 Qg4 20.h3 Qh5 21.Bb2 Rad8 22.Qa5
Be5 23.Rc5 Nf4 24.Bc1 Nd3 25.Rb5 Rc8 26.Bd2 Qe2 27.f4 Rc2 28.Rxe5 Nxe5 29.fxe5
Rxd2 30.Qd5 Qe3+ 31.Kh1 Rf2 32.Rd1 Qxe5 33.Qxd4 Rf1+ {#R} 0-1

[Event "17th Liberec Open 2017"]
[Site "masterchessopen.com Liberec CZE"]
[Date "2017.02.28"]
[Round "5"]
[White "Vitak,Jiri"]
[Black "Novotny,Martin"]
[Result "1-0"]
[WhiteElo "2069"]
[BlackElo "1830"]

1.d4 Nf6 2.c4 g6 3.Nc3 Bg7 4.e4 d6 5.f3 O-O 6.Be3 a6 7.Qd2 Nbd7 8.Nge2 c5 9.d5
b5 10.cxb5 Qa5 11.Nc1 Rb8 12.Nb3 Qb6 13.a4 axb5 14.Bxb5 Ba6 15.O-O Bxb5
16.Nxb5 Ne5 17.Qe2 Ra8 18.Nd2 Rfb8 19.b3 Qb7 20.Rac1 Ne8 21.Nb1 Nc7 22.N1a3
Nxb5 23.Nxb5 Nd7 24.f4 Nb6 25.Kh1 f5 26.exf5 Nxd5 27.fxg6 h6 28.f5 Nxe3
29.Qxe3 Rf8 30.Qe6+ Kh8 31.Nxd6 exd6 32.f6 Rae8 33.fxg7+ Kxg7 34.Qxd6 Qxb3
35.Rxf8 Qc3 36.Qd7+ {#r} 1-0

[Event "17th Liberec Open 2017"]
[Site "masterchessopen.com Liberec CZE"]
[Date "2017.02.28"]
[Round "5"]
[White "Bradac,Daniel"]
[Black "Dupak,J"]
[Result "1-0"]
[WhiteElo "2002"]
[BlackElo "1810"]

1.e4 e5 2.Nf3 Nc6 3.Bb5 Nge7 4.O-O a6 5.Ba4 d6 6.c3 Bd7 7.h3 g6 8.d4 exd4
9.cxd4 Bg7 10.Nc3 Na5 11.Bc2 c5 12.Bg5 f6 13.Bf4 Be6 14.Re1 O-O 15.dxc5 dxc5
16.Qxd8 Raxd8 17.Bc7 Nac6 18.Bxd8 Rxd8 19.Rad1 Nd4 20.Na4 Nxf3+ 21.gxf3 Rd4
22.Nxc5 {#r} 1-0

[Event "17th Liberec Open 2017"]
[Site "masterchessopen.com Liberec CZE"]
[Date "2017.03.01"]
[Round "6"]
[White "Dzikowski,M"]
[Black "Nagy,Ga1"]
[Result "1-0"]
[WhiteElo "2086"]
[BlackElo "2449"]

1.d4 Nf6 2.c4 e6 3.Nf3 c5 4.d5 b5 5.dxe6 fxe6 6.cxb5 d5 7.e3 Bd6 8.Nc3 Bb7
9.Be2 O-O 10.Qc2 Nbd7 11.Ng5 Qe7 12.Bg4 Kh8 13.Bxe6 Ne4 14.Bxd5 Qxg5 15.Bxe4
Bxe4 16.Qxe4 Rae8 17.Qd5 Qg6 18.O-O Rf5 19.Qb7 Rb8 20.Qxd7 Bxh2+ 21.Kxh2 Rh5+
22.Kg1 Qh6 23.f3 Rh1+ 24.Kf2 Qh4+ 25.Ke2 Qc4+ 26.Qd3 Qxd3+ 27.Kxd3 Rxf1 28.Ke2
Rg1 29.Kf2 Rh1 30.a4 c4 31.a5 Kg8 32.b6 axb6 33.a6 Rh5 34.a7 Ra8 35.e4 {#r}
1-0